000 00740nam a2200217Ii 4500
003 JO-AjNU
008 230605s9999||||xx |||||||||||||| ||und||
017 _a2001/10/2163
040 _aJO-AjNU
_bara
_erda
_cJO-AjNU
041 _aara
050 1 4 _aHF5437.Z92.2006
100 3 _aزويلف،مهدي حسن,
_eauthor
_933065
245 0 0 _aادارة الشراء والتخزين :مدخل حديث
250 _aط2
264 3 1 _aعمان:دار الفكر للنشر والتوزيع؛2006
300 _a251ص
_bيحتوي على ببلوغرافية من ص249-251ص
336 _atext
_btxt
_2rdacontent
337 _aunmediated
_bn
_2rdamedia
338 _avolume
_bnc
_2rdacarrier
650 4 _aادارة المبيعات
_933066
999 _aA13419
_c16987
_d16987